000 00461nam a2200181Ia 4500
001 1210
005 20260306140615.0
008 260306t2006||||xx |||||||||||||| ||spa||
041 _aESP
082 _a189.2
_bU61 2004
100 _aUniversidad del Norte Santo Tomás de Aquino
_eAUT
245 0 _aFe y razón:
_bdiálogo e interacción
260 _c2006
300 _a254 páginas :
_c22 cm.
650 _aGEN
654 _aCHU
942 _cLIB
_dJUS
_fJUS
_2ddc
_n
999 _c1210
_d1210